Daňová politika a jej vplyv na efektívny výber daní a elimináciu daňových únikov vybrané aspekty

Salvato in:
Dettagli Bibliografici
Altri autori: Válek, Juraj, 1981-
Natura: Libro
Lingua:slovacco
Pubblicazione: Praha Wolters Kluwer 2017
Edizione:1. vydanie
Tags: Aggiungi Tag
Nessun Tag, puoi essere il primo ad aggiungerne!!

MARC

LEADER 00000nam a2200000 4500
001 0240812
005 20240822101706.6
020 |a 978-80-7552-900-8 
041 0 |a slo 
044 |a CZ 
245 1 0 |a Daňová politika a jej vplyv na efektívny výber daní a elimináciu daňových únikov  |b vybrané aspekty  |c Jana Kušnírová, Marcela Rabatinová, Juraj Válek ; zostavovateľské a technické práce: Juraj Válek 
250 |a 1. vydanie 
264 1 |a Praha  |b Wolters Kluwer  |c 2017 
300 |a 352 s. [21 AH] 
700 1 |a Válek, Juraj, 1981-